<?xml version="1.0" encoding="UTF-8"?>
<collection xmlns="http://www.loc.gov/MARC21/slim">
 <record>
  <leader>04586cam a2200901 c 4500</leader>
  <controlfield tag="001">278426565</controlfield>
  <controlfield tag="003">DE-627</controlfield>
  <controlfield tag="005">20260217085716.0</controlfield>
  <controlfield tag="007">tu</controlfield>
  <controlfield tag="008">950828s1995    gw |||||      00| ||ger c</controlfield>
  <datafield tag="015" ind1=" " ind2=" ">
   <subfield code="a">95,N31,0639</subfield>
   <subfield code="2">dnb</subfield>
  </datafield>
  <datafield tag="015" ind1=" " ind2=" ">
   <subfield code="a">95,A50,1413</subfield>
   <subfield code="2">dnb</subfield>
  </datafield>
  <datafield tag="016" ind1="7" ind2=" ">
   <subfield code="a">944848109</subfield>
   <subfield code="2">DE-101</subfield>
  </datafield>
  <datafield tag="020" ind1=" " ind2=" ">
   <subfield code="a">3980324087</subfield>
  </datafield>
  <datafield tag="035" ind1=" " ind2=" ">
   <subfield code="a">(DE-627)278426565</subfield>
  </datafield>
  <datafield tag="035" ind1=" " ind2=" ">
   <subfield code="a">(DE-576)04744147X</subfield>
  </datafield>
  <datafield tag="035" ind1=" " ind2=" ">
   <subfield code="a">(DE-599)GBV278426565</subfield>
  </datafield>
  <datafield tag="035" ind1=" " ind2=" ">
   <subfield code="a">(OCoLC)246701796</subfield>
  </datafield>
  <datafield tag="035" ind1=" " ind2=" ">
   <subfield code="a">(OCoLC)36151318</subfield>
  </datafield>
  <datafield tag="035" ind1=" " ind2=" ">
   <subfield code="a">(OCoLC)246701796</subfield>
  </datafield>
  <datafield tag="040" ind1=" " ind2=" ">
   <subfield code="a">DE-627</subfield>
   <subfield code="b">ger</subfield>
   <subfield code="c">DE-627</subfield>
   <subfield code="e">rakwb</subfield>
  </datafield>
  <datafield tag="041" ind1=" " ind2=" ">
   <subfield code="a">ger</subfield>
  </datafield>
  <datafield tag="044" ind1=" " ind2=" ">
   <subfield code="c">XA-DE</subfield>
  </datafield>
  <datafield tag="084" ind1=" " ind2=" ">
   <subfield code="a">46</subfield>
   <subfield code="2">sdnb</subfield>
  </datafield>
  <datafield tag="084" ind1=" " ind2=" ">
   <subfield code="a">9,10</subfield>
   <subfield code="2">ssgn</subfield>
  </datafield>
  <datafield tag="084" ind1=" " ind2=" ">
   <subfield code="a">LI 34759</subfield>
   <subfield code="2">rvk</subfield>
   <subfield code="0">(DE-625)rvk/96136:13287</subfield>
  </datafield>
  <datafield tag="084" ind1=" " ind2=" ">
   <subfield code="a">LI 34757</subfield>
   <subfield code="2">rvk</subfield>
   <subfield code="0">(DE-625)rvk/96136:13285</subfield>
  </datafield>
  <datafield tag="084" ind1=" " ind2=" ">
   <subfield code="a">20.25</subfield>
   <subfield code="2">bkl</subfield>
  </datafield>
  <datafield tag="084" ind1=" " ind2=" ">
   <subfield code="a">21.22</subfield>
   <subfield code="2">bkl</subfield>
  </datafield>
  <datafield tag="084" ind1=" " ind2=" ">
   <subfield code="a">20.30</subfield>
   <subfield code="2">bkl</subfield>
  </datafield>
  <datafield tag="084" ind1=" " ind2=" ">
   <subfield code="a">20.31</subfield>
   <subfield code="2">bkl</subfield>
  </datafield>
  <datafield tag="084" ind1=" " ind2=" ">
   <subfield code="a">21.30</subfield>
   <subfield code="2">bkl</subfield>
  </datafield>
  <datafield tag="100" ind1="1" ind2=" ">
   <subfield code="a">Holländer, Hans</subfield>
   <subfield code="d">1932-2017</subfield>
   <subfield code="0">(DE-588)119271265</subfield>
   <subfield code="0">(DE-627)080076084</subfield>
   <subfield code="0">(DE-576)16146811X</subfield>
   <subfield code="4">aut</subfield>
  </datafield>
  <datafield tag="245" ind1="1" ind2="4">
   <subfield code="a">Die Disparates und Die Giganten</subfield>
   <subfield code="b">Goyas Phantasiestücke</subfield>
   <subfield code="c">von Hans Holländer</subfield>
  </datafield>
  <datafield tag="263" ind1=" " ind2=" ">
   <subfield code="a">Gb. : ca. DM 48.00, ca. sfr 47.00, ca. S 355.00</subfield>
  </datafield>
  <datafield tag="264" ind1=" " ind2="1">
   <subfield code="a">Tübingen</subfield>
   <subfield code="b">Klöpfer und Meyer</subfield>
   <subfield code="c">1995</subfield>
  </datafield>
  <datafield tag="300" ind1=" " ind2=" ">
   <subfield code="a">178 S.</subfield>
   <subfield code="b">Ill.</subfield>
  </datafield>
  <datafield tag="336" ind1=" " ind2=" ">
   <subfield code="a">Text</subfield>
   <subfield code="b">txt</subfield>
   <subfield code="2">rdacontent</subfield>
  </datafield>
  <datafield tag="337" ind1=" " ind2=" ">
   <subfield code="a">ohne Hilfsmittel zu benutzen</subfield>
   <subfield code="b">n</subfield>
   <subfield code="2">rdamedia</subfield>
  </datafield>
  <datafield tag="338" ind1=" " ind2=" ">
   <subfield code="a">Band</subfield>
   <subfield code="b">nc</subfield>
   <subfield code="2">rdacarrier</subfield>
  </datafield>
  <datafield tag="490" ind1="1" ind2=" ">
   <subfield code="a">Promenade</subfield>
   <subfield code="v">4</subfield>
  </datafield>
  <datafield tag="500" ind1=" " ind2=" ">
   <subfield code="a">Enth.: Die Disparates. Die Giganten</subfield>
  </datafield>
  <datafield tag="583" ind1="1" ind2=" ">
   <subfield code="a">Archivierung/Langzeitarchivierung gewährleistet</subfield>
   <subfield code="f">PEBW</subfield>
   <subfield code="x">XA-DE-BW</subfield>
   <subfield code="2">pdager</subfield>
   <subfield code="5">DE-24</subfield>
  </datafield>
  <datafield tag="583" ind1="1" ind2=" ">
   <subfield code="a">Archivierung/Langzeitarchivierung gewährleistet</subfield>
   <subfield code="f">SSG</subfield>
   <subfield code="x">XA-DE-BW</subfield>
   <subfield code="2">pdager</subfield>
   <subfield code="5">DE-16</subfield>
  </datafield>
  <datafield tag="689" ind1="0" ind2="0">
   <subfield code="d">u</subfield>
   <subfield code="0">(DE-588)4392547-9</subfield>
   <subfield code="0">(DE-627)190278234</subfield>
   <subfield code="0">(DE-576)211958980</subfield>
   <subfield code="a">Goya y Lucientes, Francisco José de</subfield>
   <subfield code="d">1746-1828</subfield>
   <subfield code="t">Disparates</subfield>
   <subfield code="2">gnd</subfield>
  </datafield>
  <datafield tag="689" ind1="0" ind2=" ">
   <subfield code="5">DE-101</subfield>
  </datafield>
  <datafield tag="689" ind1="1" ind2="0">
   <subfield code="d">u</subfield>
   <subfield code="0">(DE-588)4392552-2</subfield>
   <subfield code="0">(DE-627)190278285</subfield>
   <subfield code="0">(DE-576)211959030</subfield>
   <subfield code="a">Goya y Lucientes, Francisco José de</subfield>
   <subfield code="d">1746-1828</subfield>
   <subfield code="t">Der Koloss</subfield>
   <subfield code="2">gnd</subfield>
  </datafield>
  <datafield tag="689" ind1="1" ind2=" ">
   <subfield code="5">DE-101</subfield>
  </datafield>
  <datafield tag="689" ind1="2" ind2="0">
   <subfield code="d">u</subfield>
   <subfield code="0">(DE-588)4392549-2</subfield>
   <subfield code="0">(DE-627)190278250</subfield>
   <subfield code="0">(DE-576)211959006</subfield>
   <subfield code="a">Goya y Lucientes, Francisco José de</subfield>
   <subfield code="d">1746-1828</subfield>
   <subfield code="t">Der sitzende Koloss</subfield>
   <subfield code="2">gnd</subfield>
  </datafield>
  <datafield tag="689" ind1="2" ind2=" ">
   <subfield code="5">DE-101</subfield>
  </datafield>
  <datafield tag="689" ind1="3" ind2="0">
   <subfield code="d">u</subfield>
   <subfield code="0">(DE-588)4392547-9</subfield>
   <subfield code="0">(DE-627)190278234</subfield>
   <subfield code="0">(DE-576)211958980</subfield>
   <subfield code="a">Goya y Lucientes, Francisco José de</subfield>
   <subfield code="d">1746-1828</subfield>
   <subfield code="t">Disparates</subfield>
   <subfield code="2">gnd</subfield>
  </datafield>
  <datafield tag="689" ind1="3" ind2=" ">
   <subfield code="5">(DE-627)</subfield>
  </datafield>
  <datafield tag="689" ind1="4" ind2="0">
   <subfield code="d">u</subfield>
   <subfield code="0">(DE-588)4392552-2</subfield>
   <subfield code="0">(DE-627)190278285</subfield>
   <subfield code="0">(DE-576)211959030</subfield>
   <subfield code="a">Goya y Lucientes, Francisco José de</subfield>
   <subfield code="d">1746-1828</subfield>
   <subfield code="t">Der Koloss</subfield>
   <subfield code="2">gnd</subfield>
  </datafield>
  <datafield tag="689" ind1="4" ind2=" ">
   <subfield code="5">(DE-627)</subfield>
  </datafield>
  <datafield tag="689" ind1="5" ind2="0">
   <subfield code="d">u</subfield>
   <subfield code="0">(DE-588)4392549-2</subfield>
   <subfield code="0">(DE-627)190278250</subfield>
   <subfield code="0">(DE-576)211959006</subfield>
   <subfield code="a">Goya y Lucientes, Francisco José de</subfield>
   <subfield code="d">1746-1828</subfield>
   <subfield code="t">Der sitzende Koloss</subfield>
   <subfield code="2">gnd</subfield>
  </datafield>
  <datafield tag="689" ind1="5" ind2=" ">
   <subfield code="5">(DE-627)</subfield>
  </datafield>
  <datafield tag="700" ind1="1" ind2=" ">
   <subfield code="a">Goya y Lucientes, Francisco José de</subfield>
   <subfield code="d">1746-1828</subfield>
   <subfield code="0">(DE-588)118541064</subfield>
   <subfield code="0">(DE-627)145356396</subfield>
   <subfield code="0">(DE-576)161170447</subfield>
   <subfield code="4">oth</subfield>
  </datafield>
  <datafield tag="787" ind1="0" ind2="8">
   <subfield code="i">Rezension</subfield>
   <subfield code="a">Reuter, Anna</subfield>
   <subfield code="t">Hans Holländer: Die Disparates und Die Giganten</subfield>
   <subfield code="d">1996</subfield>
   <subfield code="w">(DE-627)1468388967</subfield>
   <subfield code="w">(DE-576)398388962</subfield>
  </datafield>
  <datafield tag="830" ind1=" " ind2="0">
   <subfield code="a">Promenade</subfield>
   <subfield code="v">4</subfield>
   <subfield code="9">4</subfield>
   <subfield code="w">(DE-627)528254197</subfield>
   <subfield code="w">(DE-576)041653025</subfield>
   <subfield code="w">(DE-600)2290279-X</subfield>
   <subfield code="7">am</subfield>
  </datafield>
  <datafield tag="889" ind1=" " ind2=" ">
   <subfield code="w">(DE-627)186542704</subfield>
  </datafield>
  <datafield tag="935" ind1=" " ind2=" ">
   <subfield code="i">mdedup</subfield>
  </datafield>
  <datafield tag="935" ind1=" " ind2=" ">
   <subfield code="i">Blocktest</subfield>
  </datafield>
  <datafield tag="936" ind1="r" ind2="v">
   <subfield code="a">LI 34759</subfield>
   <subfield code="b">Monographien und Bildbände zu einzelnen Kunstwerken</subfield>
   <subfield code="k">Kunstgeschichte</subfield>
   <subfield code="k">Künstler-Monografien</subfield>
   <subfield code="k">Alphabetische Künstlerliste</subfield>
   <subfield code="k">Künstler G</subfield>
   <subfield code="k">Goya y Lucientes, Francisco José de (bis LI 34760)</subfield>
   <subfield code="k">Monographien und Bildbände zu einzelnen Kunstwerken</subfield>
   <subfield code="0">(DE-627)1271488159</subfield>
   <subfield code="0">(DE-625)rvk/96136:13287</subfield>
   <subfield code="0">(DE-576)201488159</subfield>
  </datafield>
  <datafield tag="936" ind1="r" ind2="v">
   <subfield code="a">LI 34757</subfield>
   <subfield code="b">der Künstler als Zeichner, Grafiker</subfield>
   <subfield code="k">Kunstgeschichte</subfield>
   <subfield code="k">Künstler-Monografien</subfield>
   <subfield code="k">Alphabetische Künstlerliste</subfield>
   <subfield code="k">Künstler G</subfield>
   <subfield code="k">Goya y Lucientes, Francisco José de (bis LI 34760)</subfield>
   <subfield code="k">der Künstler als Zeichner, Grafiker</subfield>
   <subfield code="0">(DE-627)1271577046</subfield>
   <subfield code="0">(DE-625)rvk/96136:13285</subfield>
   <subfield code="0">(DE-576)201577046</subfield>
  </datafield>
  <datafield tag="936" ind1="b" ind2="k">
   <subfield code="a">20.25</subfield>
   <subfield code="j">Abstraktes</subfield>
   <subfield code="x">Ikonographie</subfield>
   <subfield code="0">(DE-627)106406329</subfield>
  </datafield>
  <datafield tag="936" ind1="b" ind2="k">
   <subfield code="a">21.22</subfield>
   <subfield code="j">Geschichte der Zeichnung</subfield>
   <subfield code="x">Kunst</subfield>
   <subfield code="0">(DE-627)106406051</subfield>
  </datafield>
  <datafield tag="936" ind1="b" ind2="k">
   <subfield code="a">20.30</subfield>
   <subfield code="j">Kunstgeschichte: Allgemeines</subfield>
   <subfield code="0">(DE-627)106410326</subfield>
  </datafield>
  <datafield tag="936" ind1="b" ind2="k">
   <subfield code="a">20.31</subfield>
   <subfield code="j">Bildende Künstler</subfield>
   <subfield code="0">(DE-627)181571080</subfield>
  </datafield>
  <datafield tag="936" ind1="b" ind2="k">
   <subfield code="a">21.30</subfield>
   <subfield code="j">Graphik: Allgemeines</subfield>
   <subfield code="0">(DE-627)106405764</subfield>
  </datafield>
  <datafield tag="951" ind1=" " ind2=" ">
   <subfield code="a">BO</subfield>
  </datafield>
  <datafield tag="990" ind1=" " ind2=" ">
   <subfield code="a">Goya y Lucientes, Francisco José de / Disparates</subfield>
  </datafield>
  <datafield tag="990" ind1=" " ind2=" ">
   <subfield code="a">Goya y Lucientes, Francisco José de / Der Koloss</subfield>
  </datafield>
  <datafield tag="990" ind1=" " ind2=" ">
   <subfield code="a">Goya y Lucientes, Francisco José de / Der sitzende Koloss</subfield>
  </datafield>
  <datafield tag="990" ind1=" " ind2=" ">
   <subfield code="a">Goya y Lucientes, Francisco José de / Disparates</subfield>
  </datafield>
  <datafield tag="990" ind1=" " ind2=" ">
   <subfield code="a">Goya y Lucientes, Francisco José de / Der Koloss</subfield>
  </datafield>
  <datafield tag="990" ind1=" " ind2=" ">
   <subfield code="a">Goya y Lucientes, Francisco José de / Der sitzende Koloss</subfield>
  </datafield>
  <datafield tag="991" ind1=" " ind2=" ">
   <subfield code="a">Rezensiertes Werk</subfield>
  </datafield>
  <datafield tag="999" ind1=" " ind2=" ">
   <subfield code="a">KXP-PPN278426565</subfield>
   <subfield code="e">4002783693</subfield>
  </datafield>
 </record>
</collection>
